| 000 | 00848nam a2200241Ia 4500 | ||
|---|---|---|---|
| 008 | 130821s1991 xxu gr eng | ||
| 020 | _a385267320 | ||
| 040 |
_aCo-BoUCM _bspa |
||
| 041 | 0 | 0 | _aeng |
| 100 | 1 |
_aSchwartz, Peter _d1946- _9165557 |
|
| 245 | 1 | 4 |
_aThe art of the long view _cPeter Schwartz |
| 260 |
_aNueva York (Estados Unidos) _bDoubleday Currency _c1991 |
||
| 300 | _ax, 258 páginas | ||
| 504 | _aIncluye referencias bibliográficas e índice. | ||
| 650 | 0 | 4 |
_aAdministración de empresas _9435 |
| 650 | 0 | 4 |
_aAuditoría administrativa _99746 |
| 650 | 0 | 4 |
_aCultura corporativa _912394 |
| 650 | 0 | 4 |
_aPlanificación empresarial _921660 |
| 650 | 0 | 4 |
_aPlanificación estratégica _921662 |
| 650 | 0 | 4 |
_aPronóstico de los negocios _922565 |
| 942 |
_cLIBRO _a16 _e1 _mP962a _2DEWEY _h658.4012 |
||
| 999 |
_c62513 _d62513 |
||